00956nam a2200253Ia 4500003000400000005001700004008004100021020001500062040001800077041000800095082002100103100003000124245008400154250001200238260006300250300003100313650004100344650002300385650004700408700003400455942003000489999001900519952016400538OSt20240517134722.0210716s2001 xx 000 0 und d a817473001X cAIMIT LIBRARY aeng a374.22 21bNAPR aNapier, Radney W.9165850 aGroups : btheory and experience /cBy Rodney W Napier and Matti K Gerdhenfeld. a5th ed. aNew Delhi :bA.I.T.B.S. Publishers & Distributors ,c2001. axviii,619p. ;bPBc21.5 cm aPerception and communication9165851 aMembership9165852 anorms group pressures and deviancy9165853 aGershenfeld, Matti K.9165854 2ddccBKe5thk374.22 NAPR c198008d198008 00102ddc40708MBAaAIMITbAIMITd2004-08-23g150.00iBill no:6110; Bill dt:2004-08-11l0o374.22 NAPRpMBA00573r2026-05-23 00:00:00v120.00w2021-07-16yBK